000 00508nam a2200181Ia 4500
005 20250326124039.0
008 250326s9999 xx 000 0 und d
037 _aTextbook
040 _aFMSL
_beng
_cFMSL
041 _aeng
_2eng
084 _aX.5 L8
_qFMSL
100 _aPearson C
_9736670
245 0 _aEnvironment: North and South: economic interpretation
_cPearson C; Pryor A
260 _aNY
_bNY, John Wiley
_c1978
300 _a355p
942 _cTB
_hX.5 L8
999 _c1272036
_d1272036